000 00376nam a2200121 i 4500
001 bg
245 0 _aProgramy w języku FORTRAN dla EMC serii ODRA 1300 dla obliczeń rozprzestrzeniania zanieczyszczeń gazowo-pyłowych w powietrzu atmosferycznym.
260 _aWrocław,
_c1976.
040 _cBPK
041 _apol
942 _cKS
008 s pl f |000 0 pol
999 _c17265
_d17265
856 _uhttp://koha.tu.koszalin.pl/cgi-bin/koha/opac-detail.pl?biblionumber=17265
_yKatalog online BPK